| 000 | 01141nam0a22003011 4500 | ||
|---|---|---|---|
| 001 | RU\INFOCOMM_322\NLR\5000111691 | ||
| 005 | 20250613104255.0 | ||
| 035 | _a(NLR Aleph) 009490739 | ||
| 090 |
_a8647066 _c8647066 |
||
| 100 | _a20121215d1970 |||y0rusy50 ca | ||
| 101 | 1 |
_aeng _crus |
|
| 102 | _aRU | ||
| 105 | _ay z ||||| | ||
| 200 | 1 |
_aLenin in the Kremlin _eHis apartment and study. The people he met. The books he read _fL. Kunetskaya |
|
| 210 |
_aM. _c"Novosti" press agency publ. house _d[1970] |
||
| 215 |
_a73 с., 8 л. ил., портр. _cил., портр. _d20 см |
||
| 300 | _aНа обл. авт. не указан | ||
| 300 | _aНа обороте тит. л.: Л. И. Кунецкая. В кабинете и квартире В. И. Ленина в Кремле | ||
| 620 | _aМосква | ||
| 686 |
_aА358.20(2)1 _2rubbk |
||
| 700 | 1 |
_9z01790 _aKuneckaja _bL. I. _gLjudmila Ivanovna |
|
| 702 | 1 |
_aLenin _bV. I. _f1870-1924 _gVladimir Il'ič _4570 |
|
| 790 | 1 |
_9z01700 _aKunetskaya _bL. _4070 |
|
| 801 | 1 |
_aRU _bInfocomm _c20121215 |
|
| 801 | 0 |
_aRU _bINFOCOMM _gPSBO |
|
| 852 |
_aNLR _jМ21 Д-4/85 |
||
| 942 | _cBOOK | ||
| 980 | _aNB | ||